000 00596nam a2200253Ia 4500
005 20260306154940.0
008 008 260114s9999 xx 000 0 eng d
020 _a9780511570605
037 _aEBOOK
040 _aCRL
040 _beng
040 _cCRL
041 _2eng
041 _aeng
084 _qCRL
100 _aLang
245 4 _aThe Order of Nature in Aristotle's Physics
260 _bCambridge University Press
260 _c2009
650 _a Philosophy
856 _uhttps://doi.org/10.1017/CBO9780511570605
942 _cEBOOK
999 _c1709699
_d1709699